00240nam a22001097a 4500020001800000082001800018100002000036245003000056250000600086260003000092300000800122 a9789384007997 a361.61 AHMb  aSayad Ali Ahmed aA course in Real Analysis a1 aNew DelhibMed Techc2016 a728